00214nam a22000977a 4500008004100000082001100041245002900052260000900081300001100090440001500101180806b xxu||||| |||| 00| 0 eng d a813.52 aChinese link cTIANDI.ZH c2006 a13fCD x0131546686